01553nam a22001817a 4500008004100000020001800041040000800059041000800067050001700075100002600092245012500118260008000243300004100323520093600364650002301300650002501323650002301348251002b |||||||| |||| 00| 0 eng d a9798988913016 ctbs aeng aHF5415.1265  aGotch, Nathaneauthor aThe SEO entrepreneurb: start a successful SEO business and turn your entrepreneurial dreams to realityc/ Nathan Gotch. a[Place of publication not identified] :b[Publisher not identified],c2023. a341 pages :billustrations ;c22 cm. aAre you ready to take the first step into Search Engine Optimization (SEO) and build a business that empowers brands to succeed online? The SEO Entrepreneur is the ultimate guide for launching a profitable SEO business. Packed with hands-on strategies and expert insights, this paperback offers a complete blueprint to become the SEO professional people trust—whether you aim to make a name locally, nationally, or beyond. Why The SEO Entrepreneur Stands Out: While many books cover the basics of SEO, The SEO Entrepreneur goes beyond, offering a practical, real-world guide for entrepreneurs who want to build a successful business with SEO as the core. This isn’t just an “SEO for beginners” book—it’s a step-by-step guide designed to transform your SEO skills into a thriving agency that clients rely on. With this book, you’ll learn to grow a client base and revenue streams using proven organic SEO techniques. 0aWeb search engines 0aWeb site development 0aInternet marketing